<?xml version="1.0" encoding="UTF-8"?>
<record
    xmlns:xsi="http://www.w3.org/2001/XMLSchema-instance"
    xsi:schemaLocation="http://www.loc.gov/MARC21/slim http://www.loc.gov/standards/marcxml/schema/MARC21slim.xsd"
    xmlns="http://www.loc.gov/MARC21/slim">

  <leader>01825nam a22002057a 4500</leader>
  <controlfield tag="005">20230915125444.0</controlfield>
  <controlfield tag="008">230822b           ||||| |||| 00| 0 eng d</controlfield>
  <datafield tag="020" ind1=" " ind2=" ">
    <subfield code="a">0324116640</subfield>
  </datafield>
  <datafield tag="050" ind1=" " ind2=" ">
    <subfield code="a">QA76.9.M65.H35</subfield>
  </datafield>
  <datafield tag="082" ind1=" " ind2=" ">
    <subfield code="2">dc21</subfield>
    <subfield code="a">175</subfield>
  </datafield>
  <datafield tag="100" ind1=" " ind2=" ">
    <subfield code="a">Halbert, Terry</subfield>
    <subfield code="9">2241</subfield>
  </datafield>
  <datafield tag="245" ind1=" " ind2=" ">
    <subfield code="a">Cyber ethics. /</subfield>
    <subfield code="c">Terry Halbert, Elaine Ingulli</subfield>
  </datafield>
  <datafield tag="260" ind1=" " ind2=" ">
    <subfield code="a">Cincinnati, Ohio :</subfield>
    <subfield code="b">Thomson Learning,</subfield>
    <subfield code="c">2002.</subfield>
  </datafield>
  <datafield tag="300" ind1=" " ind2=" ">
    <subfield code="a">xv, 260 p.:</subfield>
    <subfield code="b">ills. ;</subfield>
  </datafield>
  <datafield tag="505" ind1=" " ind2=" ">
    <subfield code="a">Contents :Intellectual property and cyberspace: Ethics case: Napster -- Intellectual property law -- Perspectives on Napster -- Privacy: Ethics case:Levis's brave new world -- Workplace surveillance -- The value of privacy -- Life online: entering the clickstream -- Government regulation v. industry self-policing -- Freedom to be anonymous -- Big brother in cyberspace -- Medical privacy  -- Cyberspeech; Ethics case: Biglibel -- Freedom of expression -- Anonymity online -- Hate speech/cyberharrasment and stalking -- Cybernorms -- E-Commerce: Ethics case: Online pills.com -- Direct-to- consumer sales online: medical marketing -- Online gambling -- Marketing in kidspace -- Click-wrap licenses and the Ucita debate -- Tax E-commerce -- E-Learning and the business of education: Ethics case: Notharvard.com --Distance learning -- The digital divide -- Business and education in cyberspace: a healthy partnership? -- Academic honesty in cyberspace -- Student free speech-- Business, democracy and cyberspace: Ethics case: U.S. vs.Micro-Soft -- Competition and the computer -- Governing cyberspace -- Democracy and the internet</subfield>
  </datafield>
  <datafield tag="650" ind1=" " ind2=" ">
    <subfield code="a">1. Computers- Moral and ethical aspects 2. Internet- Moral and ethical aspects</subfield>
    <subfield code="9">2242</subfield>
    <subfield code="b">Computers - Moral and ethical aspects</subfield>
  </datafield>
  <datafield tag="650" ind1=" " ind2=" ">
    <subfield code="a">Internet - Moral and ethical aspects</subfield>
    <subfield code="9">2263</subfield>
  </datafield>
  <datafield tag="700" ind1=" " ind2=" ">
    <subfield code="a">Ingulli, Elaine</subfield>
    <subfield code="9">2243</subfield>
  </datafield>
  <datafield tag="942" ind1=" " ind2=" ">
    <subfield code="2">lcc</subfield>
    <subfield code="c">BK</subfield>
  </datafield>
  <datafield tag="999" ind1=" " ind2=" ">
    <subfield code="c">9998</subfield>
    <subfield code="d">17498</subfield>
  </datafield>
  <datafield tag="952" ind1=" " ind2=" ">
    <subfield code="0">0</subfield>
    <subfield code="1">0</subfield>
    <subfield code="2">lcc</subfield>
    <subfield code="4">0</subfield>
    <subfield code="7">0</subfield>
    <subfield code="a">WIUC-KL</subfield>
    <subfield code="b">WIUC-KL</subfield>
    <subfield code="c">GEN</subfield>
    <subfield code="d">2023-03-14</subfield>
    <subfield code="l">0</subfield>
    <subfield code="o">QA76.9.M65. H35</subfield>
    <subfield code="p">K/3028/0126/23</subfield>
    <subfield code="r">2023-08-22 00:00:00</subfield>
    <subfield code="w">2023-08-22</subfield>
    <subfield code="y">BK</subfield>
  </datafield>
</record>
